Normal view
MARC view
Entry Personal Name
001 - CONTROL NUMBER
- control field: 81498
003 - CONTROL NUMBER IDENTIFIER
- control field: dpl
005 - DATE AND TIME OF LATEST TRANSACTION
- control field: 20250530172919.0
008 - FIXED-LENGTH DATA ELEMENTS
- fixed length control field: 250530|| aca||aabn | a|a d
040 ## - CATALOGING SOURCE
- Original cataloging agency: dpl
- Transcribing agency: dpl
100 ## - HEADING--PERSONAL NAME
- Personal name: Mashuwala's, Gaurav
670 ## - SOURCE DATA FOUND
- Source citation: Work cat.: (dpl)211476: Mashuwala's, Gaurav, Yogic Wealth:, Mumbai
